UITU Library & LRC     

MIND: Machine Intelligence for Neuro Diagnostics (Record no. 32831)

MARC details
000 -LEADER
fixed length control field 00532nam a2200145Ia 4500
008 - FIXED-LENGTH DATA ELEMENTS--GENERAL INFORMATION
fixed length control field 260210s9999 xx 000 0 und d
024 ## - OTHER STANDARD IDENTIFIER
Standard number or code 21B-116-CE, 21B-140-CE, 21B-146-CE, 21B-149-CE
082 ## - DEWEY DECIMAL CLASSIFICATION NUMBER
Classification number 616.80475072 FAT
100 ## - MAIN ENTRY--PERSONAL NAME
Personal name Alish Fatima, Anees Ur Rehman Khan, Syeda Amna Khurram, Warisha Fatima
110 ## - MAIN ENTRY--CORPORATE NAME
Corporate name or jurisdiction name as entry element Prof. Dr. Muhammad Ghazanfar Ullah Khan
245 #0 - TITLE STATEMENT
Title MIND: Machine Intelligence for Neuro Diagnostics
260 ## - PUBLICATION, DISTRIBUTION, ETC.
Place of publication, distribution, etc. Karachi
Name of publisher, distributor, etc. UITU,
Date of publication, distribution, etc. 2020
600 ## - SUBJECT ADDED ENTRY--PERSONAL NAME
Personal name Bachelor of Engineering (B.E)
650 ## - SUBJECT ADDED ENTRY--TOPICAL TERM
Topical term or geographic name entry element Computer Engineering
Holdings
Withdrawn status Lost status Damaged status Not for loan Collection Home library Current library Date acquired Total checkouts Full call number Barcode Date last seen Price effective from Koha item type
        PR-Computer Engineering UITU Library UITU Library 10/06/2025   616.80475072 FAT CE-294 02/10/2026 02/10/2026 Project Report

Powered by Koha